[Event "Open Olomouc 2005"]
[Site "?"]
[Date "2005.??.??"]
[Round "1.10"]
[White "MAHMOOD, IBRAHIM."]
[Black "KARAVADE, EESHA."]
[Result "0-1"]
[WhiteElo "1982"]
[BlackElo "2370"]
[PlyCount "58"]
[EventDate "2005.08.04"]

1. d4 Nf6 2. c4 g6 3. f3 d5 4. cxd5 Nxd5 5. e4 Nb6 6. Nc3 Bg7 7. Be3 O-O 8. Qd2
Nc6 9. O-O-O e5 10. d5 Nd4 11. Nb5 c5 12. dxc6 Qe7 13. Nxd4 exd4 14. Bxd4 Rd8
15. Ne2 Be6 16. Kb1 bxc6 17. Qc2 Qd6 18. Qd2 Nc4 19. Qf4 Be5 20. Qc1 c5 21.
Bxe5 Qxd1 22. Bf6 Rd6 23. Bg5 Rb8 24. Qxd1 Rxd1+ 25. Kc2 Ra1 26. Bc1 Rxa2 27.
Nc3 Ra1 28. Bxc4 Bxc4 29. Rd1 Bb3+ 0-1

[Event "Open Olomouc 2005"]
[Site "?"]
[Date "2005.??.??"]
[Round "2.1"]
[White "SOCHOR, STANISLAV."]
[Black "OLEKSIENKO, MIKHAILO."]
[Result "0-1"]
[WhiteElo "2161"]
[BlackElo "2487"]
[PlyCount "118"]
[EventDate "2005.08.04"]

1. d4 Nf6 2. Nf3 c5 3. e3 b6 4. Bd3 Bb7 5. O-O g6 6. Qe2 cxd4 7. exd4 Bg7 8.
Re1 O-O 9. Nbd2 Nc6 10. c3 Re8 11. Ne5 Qc7 12. f4 d6 13. Nxc6 Bxc6 14. Nf3 e6
15. Bb5 Bxb5 16. Qxb5 a6 17. Qb3 b5 18. a4 Qc4 19. Qa2 Qxa2 20. Rxa2 b4 21. Bd2
bxc3 22. bxc3 Rec8 23. Rc1 Rc4 24. Kf1 Ne4 25. Ke2 Rac8 26. Kd3 f5 27. Ra3 Bf8
28. Rca1 Be7 29. Rb3 Bd8 30. a5 Kf8 31. Raa3 Ke8 32. Rb7 R4c7 33. Rb6 Ra7 34.
Rb1 Rcc7 35. Be1 Rcb7 36. Rxb7 Rxb7 37. c4 Rb2 38. g3 Kd7 39. Ra4 Bc7 40. Rb4
Nf2+ 41. Ke3 Nd1+ 42. Kd3 Bxa5 43. Ra4 Bxe1 44. Nxe1 Re2 45. Kxe2 Nc3+ 46. Kd3
Nxa4 47. Nf3 h6 48. d5 Nc5+ 49. Kd4 a5 50. dxe6+ Kxe6 51. Ne1 a4 52. Nc2 g5 53.
fxg5 hxg5 54. h4 gxh4 55. gxh4 f4 56. h5 Kf6 57. Kd5 f3 58. Kxd6 f2 59. Ne3 a3
0-1

[Event "Open Olomouc 2005"]
[Site "?"]
[Date "2005.??.??"]
[Round "2.3"]
[White "GRIGOROVA, IRINA."]
[Black "VENKATESH, MARANI RAJENDRAN."]
[Result "0-1"]
[WhiteElo "2145"]
[BlackElo "2435"]
[PlyCount "88"]
[EventDate "2005.08.04"]

1. e4 c5 2. Nf3 Nc6 3. d4 cxd4 4. Nxd4 Nf6 5. Nc3 e5 6. Ndb5 d6 7. Bg5 a6 8.
Na3 b5 9. Nd5 Be7 10. Bxf6 Bxf6 11. c3 O-O 12. Be2 Bg5 13. O-O Be6 14. Nc2 Ne7
15. Bf3 Nxd5 16. exd5 Bd7 17. Re1 a5 18. a3 f5 19. Be2 Qb6 20. Bf1 Rac8 21. Qf3
Kh8 22. Rad1 Qc5 23. Qd3 Rf6 24. Qf3 Rg6 25. Qd3 f4 26. Na1 Bh4 27. Rd2 Rf8 28.
Nb3 Qa7 29. Nc1 Bf5 30. Qxb5 e4 31. Rd4 e3 32. Re2 Bd7 33. Qd3 f3 34. Rxe3
Bxf2+ 35. Kh1 Bxe3 36. Qxe3 Qb8 37. Nd3 fxg2+ 38. Bxg2 Rgf6 39. Qe2 Qc8 40. Rh4
Bb5 41. Qe4 h6 42. c4 Bd7 43. Nf4 Bf5 44. Qe2 g5 0-1

[Event "Open Olomouc 2005"]
[Site "?"]
[Date "2005.??.??"]
[Round "2.4"]
[White "DOBREV, NANKO."]
[Black "PUHLMANN, RAINER."]
[Result "1-0"]
[WhiteElo "2426"]
[BlackElo "2155"]
[PlyCount "65"]
[EventDate "2005.08.04"]

1. d4 e6 2. c4 b6 3. Nc3 Bb7 4. e4 Bb4 5. d5 exd5 6. exd5 Nf6 7. Bd2 Qe7+ 8.
Be2 c6 9. Nf3 O-O 10. dxc6 dxc6 11. O-O Nbd7 12. Re1 Rfd8 13. Qc2 Ne5 14. Bf4
Ng6 15. Bd3 Qf8 16. Bg5 Rd6 17. a3 Bxc3 18. Qxc3 c5 19. Ne5 Rad8 20. Bc2 Nxe5
21. Rxe5 Re8 22. Rae1 Rxe5 23. Rxe5 Ne4 24. Qe1 f6 25. Bxe4 fxe5 26. Bxb7 Qf5
27. Be3 h5 28. Bd5+ Kh8 29. f3 g5 30. h3 Kg7 31. Be4 Qf6 32. Qg3 g4 33. hxg4
1-0

[Event "Open Olomouc 2005"]
[Site "?"]
[Date "2005.??.??"]
[Round "2.5"]
[White "ISMAGAMBETOV, ANAUR."]
[Black "JURCIK, MARTIN."]
[Result "1/2-1/2"]
[WhiteElo "2408"]
[BlackElo "2145"]
[PlyCount "74"]
[EventDate "2005.08.04"]

1. e4 c5 2. g3 d5 3. exd5 Qxd5 4. Nf3 Bg4 5. Bg2 Qe6+ 6. Kf1 Bh3 7. d3 Nf6 8.
Nc3 Nc6 9. Be3 b6 10. Ng5 Bxg2+ 11. Kxg2 Qd7 12. Qf3 e6 13. d4 h6 14. Nge4 Nxe4
15. Qxe4 cxd4 16. Bxd4 Rd8 17. Be3 Be7 18. Rhd1 Qc8 19. Rxd8+ Bxd8 20. Rd1 Be7
21. Nb5 O-O 22. c3 Rd8 23. Rxd8+ Bxd8 24. a4 Qd7 25. h3 e5 26. g4 Bg5 27. Bxg5
hxg5 28. c4 Kf8 29. Nc3 f6 30. Nb5 Ke7 31. Qh7 Kf7 32. Qe4 Ke7 33. Qf3 Kf7 34.
Kg3 Ke8 35. Kh2 Kf7 36. Kg2 Ke8 37. Qe4 Ke7 1/2-1/2

[Event "Open Olomouc 2005"]
[Site "?"]
[Date "2005.??.??"]
[Round "2.6"]
[White "DUGGAN, CHRIS."]
[Black "SATYAPRAGYAN, SWAYANGSU."]
[Result "1/2-1/2"]
[WhiteElo "2114"]
[BlackElo "2397"]
[PlyCount "32"]
[EventDate "2005.08.04"]

1. e4 c5 2. Nf3 e6 3. b3 b6 4. Bb2 Bb7 5. Nc3 d6 6. d4 cxd4 7. Bb5+ Nd7 8. Qxd4
Ngf6 9. e5 dxe5 10. Nxe5 a6 11. Bxd7+ Nxd7 12. O-O-O Nxe5 13. Qxe5 Qb8 14. Qg5
Qc7 15. Rhe1 Rc8 16. Re2 h6 1/2-1/2

[Event "Open Olomouc 2005"]
[Site "?"]
[Date "2005.??.??"]
[Round "2.7"]
[White "KIREEV, ALEKSEI."]
[Black "GROSSMANN, HERBERT."]
[Result "1-0"]
[WhiteElo "2396"]
[BlackElo "2138"]
[PlyCount "63"]
[EventDate "2005.08.04"]

1. g3 g6 2. Bg2 Bg7 3. e4 d6 4. d3 c5 5. f4 Nc6 6. a4 Nf6 7. c3 O-O 8. Na3 Rb8
9. Nh3 a6 10. Nf2 Qc7 11. O-O b5 12. g4 b4 13. Nc4 bxc3 14. bxc3 Na5 15. g5 Nd7
16. Ne3 Nb3 17. Ra3 Nxc1 18. Qxc1 Bb7 19. f5 Ba8 20. Nfg4 f6 21. h4 a5 22. Qd2
Ne5 23. Nxe5 dxe5 24. Qe2 Bc6 25. h5 fxg5 26. hxg6 hxg6 27. fxg6 Rxf1+ 28. Bxf1
e6 29. Qh5 Qe7 30. Ra2 Bf6 31. Ng4 Rf8 32. Nh6+ 1-0

[Event "Open Olomouc 2005"]
[Site "?"]
[Date "2005.??.??"]
[Round "2.8"]
[White "CAMPO, RENATO."]
[Black "POOBESH, ANAND S."]
[Result "0-1"]
[WhiteElo "2099"]
[BlackElo "2372"]
[PlyCount "52"]
[EventDate "2005.08.04"]

1. e4 c5 2. Nc3 Nc6 3. f4 e6 4. Nf3 g6 5. Bb5 Nd4 6. Bd3 Bg7 7. Nxd4 cxd4 8.
Nb5 d6 9. c3 Ne7 10. Nxd4 O-O 11. O-O Qb6 12. Kh1 Bxd4 13. cxd4 Qxd4 14. Bc2
Bd7 15. d3 Rac8 16. Rb1 d5 17. Bd2 Qb6 18. Ba4 Rfd8 19. Bc3 dxe4 20. Bf6 Qb4
21. Bb3 exd3 22. Qg4 Nf5 23. Qg5 h6 24. Qg4 Kh7 25. Rf3 Qe4 26. Rbf1 Bb5 0-1

[Event "Open Olomouc 2005"]
[Site "?"]
[Date "2005.??.??"]
[Round "2.9"]
[White "KARAVADE, EESHA."]
[Black "FIALA, JIRI."]
[Result "1-0"]
[WhiteElo "2370"]
[BlackElo "2128"]
[PlyCount "75"]
[EventDate "2005.08.04"]

1. Nf3 Nf6 2. c4 b6 3. g3 Bb7 4. Bg2 e6 5. O-O Be7 6. Nc3 Ne4 7. Nxe4 Bxe4 8.
d3 Bb7 9. e4 O-O 10. Re1 d6 11. d4 Nd7 12. Bf4 a5 13. d5 e5 14. Be3 Nc5 15. Qc2
Bc8 16. Nd2 f5 17. f4 exf4 18. Bxf4 fxe4 19. Nxe4 Bf5 20. Qd2 Nxe4 21. Bxe4
Bxe4 22. Rxe4 Bf6 23. Rae1 Qd7 24. Re6 Rae8 25. b3 Rxe6 26. dxe6 Qe7 27. Qd5
Re8 28. h4 h6 29. Qf5 Rf8 30. Qg4 Kh8 31. h5 Bg5 32. Bxg5 Qxg5 33. Qxg5 hxg5
34. Kg2 Re8 35. Kf3 Kh7 36. Kg4 Re7 37. Kxg5 c6 38. g4 1-0

[Event "Open Olomouc 2005"]
[Site "?"]
[Date "2005.??.??"]
[Round "2.10"]
[White "GRIGOROVA, EVGENIA."]
[Black "PINTER, ERIK."]
[Result "0-1"]
[WhiteElo "2089"]
[BlackElo "2369"]
[PlyCount "50"]
[EventDate "2005.08.04"]

1. c4 Nf6 2. Nc3 g6 3. g3 Bg7 4. Bg2 O-O 5. e3 d6 6. Nge2 c6 7. O-O Be6 8. d3
Qc8 9. Re1 Bh3 10. Bh1 e5 11. Rb1 a5 12. a3 Rd8 13. b4 axb4 14. axb4 d5 15.
cxd5 cxd5 16. d4 e4 17. f3 exf3 18. Bxf3 Bf5 19. Rb3 Qc4 20. Nf4 Ra1 21. Nfe2
Bh6 22. Ra3 Rxa3 23. Bxa3 Bxe3+ 24. Kg2 Ne4 25. Nxe4 dxe4 0-1

[Event "Open Olomouc 2005"]
[Site "?"]
[Date "2005.??.??"]
[Round "3.1"]
[White "OLEKSIENKO, MIKHAILO."]
[Black "FURMAN, BORIS."]
[Result "1-0"]
[WhiteElo "2487"]
[BlackElo "2288"]
[PlyCount "87"]
[EventDate "2005.08.04"]

1. e4 c5 2. Nf3 Nc6 3. d4 cxd4 4. Nxd4 Nf6 5. Nc3 d6 6. Bc4 e5 7. Nf5 Be6 8.
Bb3 Qd7 9. O-O Bxf5 10. exf5 Qxf5 11. f4 e4 12. Nd5 Nxd5 13. Bxd5 Ne7 14. Bxb7
Rb8 15. Ba6 Qc5+ 16. Kh1 d5 17. c4 d4 18. b4 Qd6 19. Bb5+ Rxb5 20. cxb5 Nf5 21.
g4 Nh4 22. Qe1 Qe7 23. Bb2 e3 24. Kg1 d3 25. Be5 e2 26. Rc1 exf1=Q+ 27. Kxf1
Qe6 28. Qe4 Be7 29. f5 d2 30. Rd1 Qd7 31. Bxg7 Qxb5+ 32. Kf2 Qb6+ 33. Ke2 Qb5+
34. Ke3 Qb6+ 35. Kd3 Rg8 36. f6 Qe6 37. Qa8+ Bd8 38. Rxd2 Ng6 39. Kc3 Qe3+ 40.
Kc2 Qb6 41. Qd5 Qc7+ 42. Kb3 a6 43. Re2+ Be7 44. fxe7 1-0

[Event "Open Olomouc 2005"]
[Site "?"]
[Date "2005.??.??"]
[Round "3.2"]
[White "BERRY, NEIL."]
[Black "KRYVORUCHKO, YURIY."]
[Result "0-1"]
[WhiteElo "2275"]
[BlackElo "2476"]
[PlyCount "88"]
[EventDate "2005.08.04"]

1. d4 Nf6 2. c4 c5 3. d5 b5 4. cxb5 a6 5. bxa6 Bxa6 6. Nc3 g6 7. Nf3 d6 8. g3
Bg7 9. Bg2 Nbd7 10. Rb1 O-O 11. O-O Ne8 12. Qc2 Nc7 13. Rd1 Bxc3 14. Qxc3 Bxe2
15. Bh6 Nf6 16. Rd2 Bxf3 17. Bxf3 Re8 18. b3 Nb5 19. Qb2 Qd7 20. Bg2 Qf5 21.
Re1 Qh5 22. Be3 Ng4 23. h3 Nxe3 24. fxe3 Qg5 25. Kh2 Reb8 26. Rf2 Nc7 27. Ref1
Rf8 28. Qd2 Ne8 29. Rf4 Nf6 30. b4 cxb4 31. Rxb4 Ra3 32. Rb3 Rfa8 33. Rxa3 Rxa3
34. Re1 Qe5 35. Qf2 h5 36. Re2 Nxd5 37. Bxd5 Qxd5 38. h4 Qe6 39. Kg2 Rc3 40.
Qf3 Rc1 41. Rb2 Kg7 42. Rf2 Re1 43. Re2 Ra1 44. Qf2 Qe4+ 0-1

[Event "Open Olomouc 2005"]
[Site "?"]
[Date "2005.??.??"]
[Round "3.3"]
[White "VENKATESH, MARANI RAJENDRAN."]
[Black "GRIGORJEV, EVGENY."]
[Result "0-1"]
[WhiteElo "2435"]
[BlackElo "2257"]
[PlyCount "76"]
[EventDate "2005.08.04"]

1. e4 d6 2. d4 Nf6 3. Nc3 g6 4. Nf3 Bg7 5. Be3 O-O 6. Qd2 c6 7. Bd3 b5 8. Bh6
Nbd7 9. e5 b4 10. Ne2 dxe5 11. dxe5 Nd5 12. Bxg7 Kxg7 13. h4 h5 14. e6 Nc5 15.
exf7 Nxd3+ 16. Qxd3 Rxf7 17. Qd4+ Rf6 18. Ng3 Qb6 19. Qe5 Qc7 20. Qg5 Bg4 21.
Nd2 Re6+ 22. Nde4 Nf6 23. Qe3 Bf5 24. O-O-O Bxe4 25. Rhe1 Rd8 26. Rxd8 Qxd8 27.
Qg5 Qf8 28. Qc5 Bd5 29. Rxe6 Bxe6 30. Qxb4 Bd5 31. f3 e5 32. Qe1 Qe7 33. Qe3
Kf7 34. b3 c5 35. Ne2 e4 36. f4 Ng4 37. Qc3 e3 38. Qh8 Qf6 0-1

[Event "Open Olomouc 2005"]
[Site "?"]
[Date "2005.??.??"]
[Round "3.4"]
[White "VOLODIN, VIKTOR."]
[Black "DOBREV, NANKO."]
[Result "1/2-1/2"]
[WhiteElo "2245"]
[BlackElo "2426"]
[PlyCount "62"]
[EventDate "2005.08.04"]

1. Nf3 Nf6 2. c4 e6 3. g3 d5 4. d4 Bb4+ 5. Bd2 Qe7 6. Bg2 O-O 7. O-O Rd8 8. Qc2
Nc6 9. Bf4 Nxd4 10. Nxd4 e5 11. a3 Bc5 12. Nb3 exf4 13. cxd5 Bb6 14. Nc3 Qe5
15. Qd3 c6 16. Qf3 fxg3 17. Qxg3 Qxg3 18. hxg3 Nxd5 19. Na4 Bc7 20. Rac1 Nb6
21. Nac5 Rb8 22. Rc2 Nd7 23. Nxd7 Bxd7 24. Nc5 Be8 25. Nd3 Rd4 26. Nc5 Rdd8 27.
Bf3 Bd6 28. Rfc1 Bxc5 29. Rxc5 Rd6 30. R5c3 Rbd8 31. R3c2 Rd2 {etc. 77 moves}
1/2-1/2

[Event "Open Olomouc 2005"]
[Site "?"]
[Date "2005.??.??"]
[Round "3.5"]
[White "CHULIVSKA, VITA."]
[Black "KIREEV, ALEKSEI."]
[Result "1-0"]
[WhiteElo "2232"]
[BlackElo "2396"]
[PlyCount "139"]
[EventDate "2005.08.04"]

1. e4 d6 2. d4 Nf6 3. Nc3 e5 4. dxe5 dxe5 5. Qxd8+ Kxd8 6. Nf3 Bd6 7. Bg5 Be6
8. O-O-O Nbd7 9. Bb5 Kc8 10. Bh4 a6 11. Bxd7+ Nxd7 12. Ng5 Re8 13. f3 f6 14.
Nxe6 Rxe6 15. Bf2 c6 16. h4 Kc7 17. h5 b5 18. Ne2 Bf8 19. Ng3 Rd6 20. Nf5 Rxd1+
21. Kxd1 Kd8 22. Ke2 Ke8 23. Rd1 Rb8 24. g4 Rb7 25. Bh4 Rc7 26. Be1 g6 27. hxg6
hxg6 28. Ba5 Rc8 29. Nh4 g5 30. Nf5 Nc5 31. Bb4 Rd8 32. Ng7+ Bxg7 33. Rxd8+
Kxd8 34. Bxc5 Ke8 35. Kd3 Bf8 36. Bxf8 Kxf8 37. Kc3 a5 38. a4 Ke7 39. b4 axb4+
40. Kxb4 bxa4 41. Kxa4 Kd7 42. Kb4 Kd6 43. c3 Kd7 44. Kc5 Kc7 45. c4 Kb7 46.
Kd6 Kb6 47. Ke6 Kc5 48. Kxf6 Kxc4 49. Kxe5 c5 50. Kd6 Kb4 51. e5 c4 52. e6 c3
53. e7 c2 54. e8=Q c1=Q 55. Qe4+ Ka3 56. Qd3+ Kb2 57. Qd4+ Kb3 58. Qd5+ Kb2 59.
Ke6 Ka3 60. Kf6 Kb4 61. Kg6 Ka3 62. Qxg5 Qc8 63. Qe7+ Ka4 64. Qe4+ Kb3 65. g5
Qg8+ 66. Kf5 Kc3 67. Qe5+ Kd3 68. f4 Qc8+ 69. Qe6 Qf8+ 70. Kg4 1-0

[Event "Open Olomouc 2005"]
[Site "?"]
[Date "2005.??.??"]
[Round "3.6"]
[White "POOBESH, ANAND S."]
[Black "TUMA, JIRI."]
[Result "0-1"]
[WhiteElo "2372"]
[BlackElo "2235"]
[PlyCount "82"]
[EventDate "2005.08.04"]

1. d4 d5 2. c4 c6 3. e3 Nf6 4. Nf3 e6 5. Nbd2 b6 6. Bd3 Nbd7 7. O-O Bb7 8. b3
Bd6 9. Bb2 O-O 10. Qe2 h6 11. Rfd1 Qe7 12. e4 dxe4 13. Nxe4 Nxe4 14. Bxe4 Rfd8
15. Bc2 c5 16. d5 exd5 17. Qd3 Nf8 18. cxd5 Re8 19. Qc3 f6 20. Qc4 Qf7 21. Bf5
Rad8 22. Bh3 a6 23. Nh4 b5 24. Qg4 h5 25. Qf3 Be5 26. Bxe5 Rxe5 27. Nf5 Rdxd5
28. Rxd5 Bxd5 29. Qg3 Kh8 30. Rd1 Be6 31. Ne3 Bxh3 32. Qxh3 Ne6 33. Qf3 Nd4 34.
Qa8+ Kh7 35. Qxa6 Qg6 36. Qc8 f5 37. Nf1 Qg4 38. Ra1 Ne2+ 39. Kh1 Qd4 40. Rb1
Qxf2 41. Qb7 Qg1# 0-1

[Event "Open Olomouc 2005"]
[Site "?"]
[Date "2005.??.??"]
[Round "3.8"]
[White "PINTER, ERIK."]
[Black "MARZANO, CARLO."]
[Result "1-0"]
[WhiteElo "2369"]
[BlackElo "2201"]
[PlyCount "131"]
[EventDate "2005.08.04"]

1. e4 Nc6 2. Nf3 d6 3. d4 Nf6 4. Nc3 Bg4 5. Bb5 a6 6. Bxc6+ bxc6 7. h3 Bh5 8.
Qd3 e6 9. Bg5 Be7 10. O-O-O O-O 11. g4 Bg6 12. Bxf6 Bxf6 13. h4 d5 14. Kb1 c5
15. h5 Bxe4 16. Nxe4 dxe4 17. Qxe4 cxd4 18. Nxd4 c5 19. Nc6 Qc7 20. Rhe1 Rac8
21. Ne5 Rfd8 22. f4 Rxd1+ 23. Rxd1 Rd8 24. Rxd8+ Qxd8 25. Qd3 Qa8 26. Qf3 Qd8
27. Nc4 h6 28. c3 Qd7 29. a3 Kh7 30. Qe4+ g6 31. Ne3 Kg7 32. Kc2 gxh5 33. gxh5
Qb5 34. f5 Qe2+ 35. Kb1 Qxh5 36. fxe6 fxe6 37. Qxe6 Qg6+ 38. Nf5+ Kh7 39. Ka2
h5 40. Qd7+ Kg8 41. Qd5+ Kh7 42. Qxc5 h4 43. Qc7+ Kg8 44. Qc4+ Kf8 45. Nxh4
Bxh4 46. Qxh4 Qe6+ 47. c4 Kg7 48. Qd4+ Kf8 49. Qd5 Qb6 50. c5 Qb5 51. Qd6+ Kg7
52. Qd4+ Kh6 53. Qd2+ Kh5 54. Qc3 Qc6 55. Qe5+ Kh4 56. Qd6 Qb5 57. Qb6 Qc4+ 58.
Qb3 Qc1 59. Qc3 Qd1 60. Qc4+ Kg5 61. c6 Qd8 62. c7 Qc8 63. Kb3 Kh5 64. Ka4 Qd7+
65. Ka5 Qc8 66. Kb6 1-0

[Event "Open Olomouc 2005"]
[Site "?"]
[Date "2005.??.??"]
[Round "3.10"]
[White "PLISCHKI, SEBASTIAN."]
[Black "CVICELA, ANTON."]
[Result "1/2-1/2"]
[WhiteElo "2366"]
[BlackElo "2186"]
[PlyCount "118"]
[EventDate "2005.08.04"]

1. d4 d5 2. c4 c6 3. Nf3 Nf6 4. Nc3 g6 5. e3 Bg7 6. Be2 O-O 7. O-O Bg4 8. cxd5
cxd5 9. Qb3 b6 10. h3 Bc8 11. Bd2 Nc6 12. Rac1 Bb7 13. Ne5 Rc8 14. f4 e6 15.
Qa3 a5 16. Qb3 Ne4 17. Nxe4 dxe4 18. Nxc6 Rxc6 19. Bxa5 bxa5 20. Qxb7 Rb6 21.
Qxe4 Rxb2 22. Rc2 Qb6 23. Rfc1 Rxc2 24. Qxc2 Rb8 25. a4 Qb3 26. Qxb3 Rxb3 27.
Kf2 Bf8 28. Rc8 Kg7 29. Bc4 Rb7 30. Bb5 Bd6 31. Rc6 Bb4 32. Kf3 Re7 33. g4 h6
34. e4 Rd7 35. Rc4 Rd6 36. e5 Rd8 37. Ke4 Ba3 38. Rc7 Bb2 39. Bd7 Kf8 40. Rb7
Bc3 41. Kd3 Bb4 42. Kc4 Bd2 43. f5 gxf5 44. gxf5 exf5 45. Bxf5 Be3 46. Bd7 Bxd4
47. Kxd4 Ke7 48. Kc5 Rxd7 49. Rb6 h5 50. Rh6 Rb7 51. Ra6 Rb3 52. h4 Rc3+ 53.
Kd4 Rh3 54. Rxa5 Rxh4+ 55. Kd5 Rh1 56. Ra7+ Kf8 57. Ke4 h4 58. Kf3 Re1 59. Kg4
Kg7 1/2-1/2

[Event "Open Olomouc 2005"]
[Site "?"]
[Date "2005.??.??"]
[Round "4.2"]
[White "KRYVORUCHKO, YURIY."]
[Black "ZILKA, STEPAN."]
[Result "1-0"]
[WhiteElo "2476"]
[BlackElo "2323"]
[PlyCount "97"]
[EventDate "2005.08.04"]

1. e4 c5 2. Nf3 Nc6 3. d4 cxd4 4. Nxd4 Nf6 5. Nc3 d6 6. f3 e5 7. Nb3 Be7 8. Be3
O-O 9. Qd2 Be6 10. Nd5 Bxd5 11. exd5 Nb8 12. Na5 b6 13. Nc4 Nbd7 14. Be2 Rc8
15. a4 e4 16. f4 Ng4 17. Bxg4 Rxc4 18. Be2 Rc7 19. a5 bxa5 20. O-O Bf6 21. Rfb1
Qc8 22. c3 Nc5 23. Qc2 Qb7 24. Rxa5 Rfc8 25. Bc4 Qa8 26. Rba1 h5 27. Bxc5 Rxc5
28. Rxc5 Rxc5 29. Qxe4 Qb8 30. Qe2 Rxc4 31. Qxc4 Qxb2 32. Re1 g6 33. Qb4 Qxc3
34. Qxc3 Bxc3 35. Re7 a5 36. Kf1 Bb4 37. Ra7 Kg7 38. Ke2 Kf6 39. Kd3 Be1 40.
Rd7 Bb4 41. Kc4 Kg7 42. Kb5 Kf8 43. Ra7 Bd2 44. g3 h4 45. Rxa5 hxg3 46. hxg3 g5
47. Ra8+ Kg7 48. fxg5 Be1 49. g4 1-0

[Event "Open Olomouc 2005"]
[Site "?"]
[Date "2005.??.??"]
[Round "4.3"]
[White "GRIGORJEV, EVGENY."]
[Black "PINTER, ERIK."]
[Result "0-1"]
[WhiteElo "2257"]
[BlackElo "2369"]
[PlyCount "88"]
[EventDate "2005.08.04"]

1. c4 Nf6 2. Nc3 g6 3. g3 Bg7 4. Bg2 O-O 5. e4 c5 6. Nge2 Nc6 7. O-O Ne8 8. d3
Nc7 9. Be3 Ne6 10. Qd2 Ned4 11. Bh6 d6 12. Bxg7 Kxg7 13. Nxd4 Nxd4 14. Ne2 Nc6
15. d4 Qa5 16. Qxa5 Nxa5 17. b3 Bg4 18. f3 Bd7 19. dxc5 dxc5 20. Rfd1 Rfd8 21.
Rd2 Be8 22. Rad1 Rxd2 23. Rxd2 Nc6 24. f4 e5 25. fxe5 Nxe5 26. Rd5 Kf6 27. Rxc5
Bc6 28. Ra5 Rd8 29. Nc3 Rd2 30. h3 a6 31. Nd5+ Ke6 32. h4 Kd6 33. c5+ Kd7 34.
Nb4 Bb5 35. c6+ Nxc6 36. Nxc6 Bxc6 37. a3 f5 38. Rc5 fxe4 39. Rc4 Rd3 40. Bxe4
Bxe4 41. Rxe4 Rxg3+ 42. Kf2 Rxb3 43. a4 a5 44. h5 Rb4 0-1

[Event "Open Olomouc 2005"]
[Site "?"]
[Date "2005.??.??"]
[Round "4.4"]
[White "SHETTY, RAHUL."]
[Black "CHULIVSKA, VITA."]
[Result "1-0"]
[WhiteElo "2367"]
[BlackElo "2232"]
[PlyCount "143"]
[EventDate "2005.08.04"]

1. e4 c5 2. Nf3 d6 3. d4 cxd4 4. Nxd4 Nf6 5. Nc3 a6 6. Be3 Nc6 7. Be2 e6 8. O-O
Be7 9. f4 O-O 10. Qe1 Nxd4 11. Bxd4 b5 12. Qg3 Bb7 13. a3 Qd7 14. Rad1 Bc6 15.
Rfe1 Qb7 16. Bf3 Rfd8 17. Nd5 Ne8 18. Nxe7+ Qxe7 19. Rd3 Rac8 20. Qf2 Rd7 21.
Bc3 Bb7 22. Qd2 Rdc7 23. Bd1 Rc4 24. e5 dxe5 25. Rxe5 Nf6 26. Bb4 Qc7 27. Ba5
Qb8 28. b3 Re4 29. Rxe4 Bxe4 30. Rd4 h6 31. h3 Bg6 32. c4 Ne4 33. Qe3 Nd6 34.
Qe5 Nf5 35. Qxb8 Rxb8 36. Rd7 bxc4 37. bxc4 Ne3 38. Be2 Be4 39. g4 Rb2 40. Rd2
Rxd2 41. Bxd2 Nc2 42. c5 Nxa3 43. Bxa6 Bc6 44. Kf2 Kf8 45. Ke3 Ke8 46. Bd3 Kd7
47. h4 Nb5 48. g5 Nc7 49. Kd4 Bf3 50. Bc2 h5 51. Ba4+ Bc6 52. Bc2 g6 53. Ke5
Nd5 54. Be4 Ke7 55. f5 gxf5 56. Bf3 Be8 57. Bxh5 f6+ 58. gxf6+ Nxf6 59. Bxe8
Nxe8 60. h5 Kf7 61. Bg5 Nf6 62. c6 Nd5 63. Bd2 Ne7 64. c7 Nc8 65. Bg5 Na7 66.
Be3 Nc8 67. Bc5 f4 68. Kxf4 Kf6 69. Bd4+ Kf7 70. Kg5 Ne7 71. h6 Kg8 72. Bf6 1-0

[Event "Open Olomouc 2005"]
[Site "?"]
[Date "2005.??.??"]
[Round "4.5"]
[White "TUMA, JIRI."]
[Black "KUTYNEC, VLADIMIR."]
[Result "0-1"]
[WhiteElo "2235"]
[BlackElo "2345"]
[PlyCount "110"]
[EventDate "2005.08.04"]

1. e4 c5 2. Nf3 Nc6 3. d4 cxd4 4. Nxd4 g6 5. Ne2 h5 6. h3 h4 7. Nec3 Nf6 8. Be2
Bg7 9. O-O d6 10. Nd2 d5 11. exd5 Nxd5 12. Nxd5 Qxd5 13. Nf3 Qxd1 14. Rxd1 Bf5
15. c3 Bf6 16. Bg5 Bxg5 17. Nxg5 f6 18. Nf3 e5 19. Rd2 Ke7 20. Rad1 Rad8 21.
Kf1 Be6 22. b3 g5 23. Ke1 Rxd2 24. Rxd2 Nd8 25. c4 Bf5 26. Nh2 Ne6 27. Bg4 Be4
28. f3 Bc6 29. Bxe6 Kxe6 30. c5 f5 31. Nf1 e4 32. fxe4 Bxe4 33. Ne3 b6 34. cxb6
axb6 35. Kf2 b5 36. Nc2 Ke5 37. Nd4 g4 38. hxg4 fxg4 39. Ne2 h3 40. gxh3 gxh3
41. Ng3 h2 42. Re2 h1=Q 43. Nxh1 Rxh1 44. Ke3 Rd1 45. Rd2 Rxd2 46. Kxd2 Kd4 47.
a3 Bf5 48. a4 b4 49. a5 Bd3 50. a6 Bxa6 51. Kc2 Ke3 52. Kb1 Kd3 53. Kb2 Kd2 54.
Kb1 Kc3 55. Ka2 Kc2 0-1

[Event "Open Olomouc 2005"]
[Site "?"]
[Date "2005.??.??"]
[Round "4.8"]
[White "ISMAGAMBETOV, ANAUR."]
[Black "REUTSKY, SERGEI."]
[Result "1/2-1/2"]
[WhiteElo "2408"]
[BlackElo "2258"]
[PlyCount "71"]
[EventDate "2005.08.04"]

1. e4 e6 2. d4 d5 3. Nd2 c5 4. Ngf3 cxd4 5. exd5 Qxd5 6. Bc4 Qd6 7. O-O Nf6 8.
Nb3 Nc6 9. Nbxd4 Nxd4 10. Nxd4 a6 11. c3 Qc7 12. Qe2 Bd6 13. h3 O-O 14. Bg5 b5
15. Bb3 Bb7 16. Rad1 Bh2+ 17. Kh1 Bf4 18. Bxf4 Qxf4 19. Qe3 Qxe3 20. fxe3 Be4
21. Kg1 Rfd8 22. Nf3 h6 23. Rd4 Bxf3 24. gxf3 Rxd4 25. cxd4 Rc8 26. Ra1 a5 27.
a4 bxa4 28. Bxa4 Rb8 29. Ra2 Nd5 30. Kf2 Rb4 31. Bc6 Nb6 32. Rxa5 Rxb2+ 33. Kg3
Nc4 34. Ra8+ Kh7 35. e4 Nd2 36. f4 1/2-1/2

[Event "Open Olomouc 2005"]
[Site "?"]
[Date "2005.??.??"]
[Round "4.10"]
[White "RZOSKA, KAMIL."]
[Black "PLISCHKI, SEBASTIAN."]
[Result "0-1"]
[WhiteElo "2181"]
[BlackElo "2366"]
[PlyCount "136"]
[EventDate "2005.08.04"]

1. e4 c5 2. Nf3 e6 3. d4 cxd4 4. Nxd4 a6 5. c4 Nf6 6. Nc3 Qc7 7. Be2 b6 8. O-O
Bb7 9. Qd3 d6 10. f4 Nbd7 11. Nb3 Be7 12. Be3 O-O 13. Rad1 Rac8 14. Bf3 Rfe8
15. Nd2 Qb8 16. Qe2 Bf8 17. g4 h6 18. Qg2 b5 19. h4 bxc4 20. g5 hxg5 21. hxg5
Nh7 22. g6 fxg6 23. Qxg6 Nhf6 24. Rf2 Rc7 25. Rg2 Qd8 26. e5 dxe5 27. Bxb7 Rxb7
28. Nde4 Qe7 29. Ng5 Reb8 30. Nce4 Qe8 31. Nxf6+ Nxf6 32. Qxe8 Rxe8 33. fxe5
Nd5 34. Bd4 Nf4 35. Rgd2 Be7 36. Nf3 Nh3+ 37. Kg2 Ng5 38. Bc3 Ne4 39. Rd7 Reb8
40. Rxb7 Rxb7 41. Rd4 Nxc3 42. bxc3 Rb2+ 43. Rd2 Ba3 44. Kg3 Rxd2 45. Nxd2 Bb2
46. Nxc4 Bxc3 47. Kf4 Kf7 48. Nd6+ Ke7 49. Ne4 Bd4 50. Ng5 Bb2 51. Ke4 Bc1 52.
Nh3 Kd7 53. Nf2 Kc6 54. Nd3 Bd2 55. Kd4 g5 56. Nf2 Kb5 57. Ne4 Bf4 58. Nd6+ Kb4
59. Nb7 g4 60. Ke4 g3 61. Kf3 Bxe5 62. Nd8 Ka3 63. Nxe6 Kxa2 64. Nc5 a5 65. Nd3
Bd6 66. Ne1 a4 67. Ke2 a3 68. Nc2 Kb2 0-1

[Event "Open Olomouc 2005"]
[Site "?"]
[Date "2005.??.??"]
[Round "5.2"]
[White "PINTER, ERIK."]
[Black "SHETTY, RAHUL."]
[Result "0-1"]
[WhiteElo "2369"]
[BlackElo "2367"]
[PlyCount "56"]
[EventDate "2005.08.04"]

1. e4 c5 2. Nc3 d6 3. f4 Nc6 4. Nf3 g6 5. Bc4 Bg7 6. O-O Nf6 7. d3 O-O 8. f5
gxf5 9. Qe1 fxe4 10. dxe4 Be6 11. Bxe6 fxe6 12. e5 dxe5 13. Qg3 Nd4 14. Qh3
Nxc2 15. Rb1 Nd4 16. Bh6 Bxh6 17. Qxh6 Nxf3+ 18. Rxf3 Qd4+ 19. Qe3 Nd5 20. Qf2
Rxf3 21. gxf3 Nf4 22. Qxd4 exd4 23. Ne4 b6 24. Kf2 Kf7 25. Kg3 e5 26. Kg4 Ke6
27. Ng5+ Kd5 28. Re1 h5+ 0-1

[Event "Open Olomouc 2005"]
[Site "?"]
[Date "2005.??.??"]
[Round "5.4"]
[White "KARHANEK, PAVEL."]
[Black "SATYAPRAGYAN, SWAYANGSU."]
[Result "1/2-1/2"]
[WhiteElo "2220"]
[BlackElo "2397"]
[PlyCount "54"]
[EventDate "2005.08.04"]

1. d4 Nf6 2. Nf3 e6 3. e3 b6 4. Nbd2 Bb7 5. Bd3 c5 6. O-O Be7 7. c3 Nc6 8. a3
O-O 9. e4 d6 10. Qe2 cxd4 11. cxd4 e5 12. b4 Nxd4 13. Nxd4 exd4 14. Nb3 Nd7 15.
Nxd4 Bf6 16. Bb2 g6 17. Rac1 Re8 18. Nc6 Bxc6 19. Bxf6 Qxf6 20. Rxc6 Ne5 21.
Rcc1 Rac8 22. Ba6 Rxc1 23. Rxc1 Re7 24. Qd2 g5 25. h3 Kg7 26. Kh1 Ng6 27. f3
Ne5 1/2-1/2